Loading...
Psycholinguistics; A Book Of Readings
| Other Authors: | |
|---|---|
| Format: | Printed Book |
| Published: |
New York;
Holt, Rinehart And Winston;
1961
|
| Edition: | 1st |
| Subjects: |
| LEADER | 00512nam a22001457a 4500 | ||
|---|---|---|---|
| 082 | |a 410 |b SOL/P K1 | ||
| 245 | |a Psycholinguistics; |b A Book Of Readings | ||
| 250 | |a 1st | ||
| 260 | |a New York; |b Holt, Rinehart And Winston; |c 1961 | ||
| 300 | |a 551p. | ||
| 650 | |a Language/ Lingustics |9 297111 | ||
| 700 | |a Sol, Saporta (Ed.) |9 297112 | ||
| 942 | |c BK | ||
| 999 | |c 62011 |d 62011 | ||
| 952 | |0 0 |1 0 |4 0 |6 410_000000000000000_SOL_P_K1 |7 0 |8 EnglishL |9 74369 |a MAL |b MAL |d 2016-09-29 |e 11786 |l 0 |o 410 SOL/P K1 |p MAL011786 |r 2016-09-29 |t 1 |w 2016-09-29 |y BK | ||